Küreselleşme ve üçüncü dünya sendikaları (Record no. 6965)

MARC details
000 -BAŞLIK
Sabit Uzunlukta Kontrol Alanı 00888na a2200253 4500
001 - KONTROL NUMARASI
Denetim Alanı 17837
003 - KONTROL NUMARASI IDENTIFIER
Denetim Alanı MIRAKIL
005 - SON İŞLEM TARİHİ VE ZAMANI
Denetim Alanı 20181213155124.0
008 - SABİT-BOY VERİ ELEMANLARI - GENEL BİLGİLER
Sabit Uzunlukta Kontrol Alanı 161107b tu 000 0
035 ## - SİSTEM KONTROL NUMARASI
Sistem Kontrol Numarası 17837
040 ## - KATALOGLAMA KAYNAK
Orijinal Kataloglama Ajansı Milas
Kataloglama Dili tur
Metne Dönüştürmek Ajansı TR-AnCHP
041 ## - DİL KODU
Metin / Ses Parça Veya Ayrı Başlığın Dil Kodu tur
082 ## - DEWEY ONLU SINIFLANDIRMA NUMARASI
Sınıflandırma Numarası 331.88
Ürün Numarası K96 1999
090 ## - SINIFLAMA NUMARASI
Sınıflama Numarası 331.88 K96 1999
245 ## - BAŞLIK TABLOSU
Başlık Küreselleşme ve üçüncü dünya sendikaları
Başlığın Kalan "Hızlı ekonomik değişimin getirdiği sorunlar"
Sorumluluk Tablosu, Vb Derleyen Henk Thomas; çev. Oğuz Topak
260 ## - YAYIN, DAĞITIM, VB
Yayın, Dağıtım, Vb Yeri Ankara
Yayıncı, Dağıtıcı, Vs Adı Türk Harb-İş Sendikası
Yayın, Dağıtım, Vb Tarihi 1999
300 ## - FİZİKSEL TANIM
Kapsam 264 s.
Diğer Fiziksel Ayrıntıları res.
Boyutlar 23 sm.
500 ## - GENEL NOT
Genel Not Yapıtın özgün adı: Globalization and third world trade unions: The challenge of rapid economic change"
650 ## - KONU KATMA GİRİŞ - TOPİKAL DÖNEM
Topikal Süreli Veya Coğrafi Ad Giriş Elemanı Dünya sendikaları
Genel Alt Bölümü Ekonomik değişimler
650 ## - KONU KATMA GİRİŞ - TOPİKAL DÖNEM
Topikal Süreli Veya Coğrafi Ad Giriş Elemanı İşçi sendikaları
Genel Alt Bölümü Küreselleşme
700 ## - KATMA GİRİŞ - KİŞİSEL İSİM
Kişisel Ad Topak, Oğuz
700 ## - KATMA GİRİŞ - KİŞİSEL İSİM
Kişisel Ad Thomas, Henk
942 ## - EKLENDİ GİRİŞ ELEMANLARI (KOHA)
Sınıflandırma Veya Raf Düzeni Kaynak Dewey Decimal Classification
Koha Öğesi Türü Books
999 ## - SİSTEM KONTROL NUMARALARI (KOHA)
Koha Biblionumber 6965
Koha Biblioitemnumber 6965
Holdings
Kalıcı Konum Mevcut Konum Edinme Tarihi Edinim Kaynak Toplam Check-Out'Lar Tam Çağrı Numarası Barkod Tarih Son Görülme İtibaren Geçerli Fiyatlar Koha Öğesi Türü
CHP Kütüphanesi CHP Kütüphanesi 11/07/2016 Bağış   331.88 K96 1999 008375 11/07/2016 11/07/2016 Books